00537nam a22001817a 450000500170000001000150001702000260003203500130005803700130007108200140008410000200009824500720011825000060019026000310019627000830022730000260031050000190033620160802112013.0 aENG-115612 a9789351436409c495.00 aEN-99144 bDBAD/PUB a346.54048 aGlobal,Altacit  aIP acquisition in India :cby Altacit Globalbtax & legal aspect / a. aGurgaonbLexis Nexisc2016 a14th Floor, Building No.10, Tower-B, DLF Cyber City, Phase-IIbGurgaone122002 axvi,179p. c24cm(pbk) aIncludes index